000 00697nam a2200277Ia 4500
005 20260324120719.0
008 008 260324s9999 xx 000 0 eng d
020 _a9781315594651
037 _aEBOOK
040 _aCRL
040 _beng
040 _cCRL
041 _2eng
041 _aeng
084 _qCRL
100 _aJosé Pardo-Tomás; Maríaluz López-Terrada; John Slater
_91159672
245 0 _aMedical Cultures of the Early Modern Spanish Empire
260 _bTaylor and Francis
260 _c2014
365 _a
365 _b230
856 _uhttp://www.taylorfrancis.com/books/9781315594651
942 _cEBOOK
999 _c1751347
_d1751347